• 首页
  • 本馆介绍
  • 公告通知
  • 最新文献
  • 馆藏检索
  • 电子资源
  • 读者导购
  • 参考咨询
  • 我的图书馆
  • 登录
  • 详细信息显示
  • 放入我的书架
  • 预约/预借图书
  • 作者相关作品
  • 分类相关作品
  • 丛书相关作品
  • 出版社相关作品

书目信息

  • 表格格式
  • 工作单格式
  • 卡片格式
题名:
中等收入阶层消费和谐化趋势研究
    
 
作者: 陶开宇 著
分册:  
出版信息: 北京   中国经济出版社  2009
页数: 13,314页
开本: 24cm
丛书名:
单 册:
中图分类: F126.1
科图分类:
主题词: 消费水平--研究--中国 , 消费水平
电子资源:
ISBN: 978-7-5017-9359-4
000 00958nam0 2200253 45
001 1032977890
005 20100408155850.25
010    @a978-7-5017-9359-4@dCNY45.00
100    @a20100331d2009 em y0chiy50 ea
101 0  @achi
102    @aCN@b110000
105    @ay z 000yy
106    @ar
200 1  @a中等收入阶层消费和谐化趋势研究@AZhong Deng Shou Ru Jie Ceng Xiao Fei He Xie Hua Qu Shi Yan Jiu@f陶开宇著@FTao Kai Yu Zhu
210    @a北京@c中国经济出版社@d2009
215    @a13,314页@d24cm
300    @a湖南商学院理论经济学科建设经费资助
330    @a本书分为十七章,主要内容为中等收入阶层消费的重要意义、中等收入阶层消费的特征和成因分析、我国消费经济学理论综述、中等收入阶层消费的初级模式、中等收入阶层科学消费中的主要问题和限制因素等。
606 0  @a消费水平@x研究@y中国
606 0  @a消费水平
690    @aF126.1@v4
701  0 @a陶开宇@ATao Kai Yu@c(女,@f1973~)@4著
801  0 @aCN@bTANGWEI@c20100408
905    @b0586966-70@dF126.1@e143@f5
    
    中等收入阶层消费和谐化趋势研究/陶开宇著.-北京:中国经济出版社,2009
    13,314页;24cm
    湖南商学院理论经济学科建设经费资助
    
    ISBN 978-7-5017-9359-4:CNY45.00
    本书分为十七章,主要内容为中等收入阶层消费的重要意义、中等收入阶层消费的特征和成因分析、我国消费经济学理论综述、中等收入阶层消费的初级模式、中等收入阶层科学消费中的主要问题和限制因素等。
●
相关链接 在E读中查询图书 在五车中查询图书 在当当中查询图书 在豆瓣中查询图书


正题名:中等收入阶层消费和谐化趋势研究     索取号:F126.1/143         预约/预借

序号 登录号 条形码 馆藏地/架位号 状态 备注
1 0586966   205869666   第一样本阅览室/ [索取号:F126.1/143] 在馆    
2 0586967   205869675   第一借阅区/ [索取号:F126.1/143] 在馆    
3 0586968   205869684   第一借阅区/ [索取号:F126.1/143] 在馆    
4 0586969   205869693   第一借阅区/ [索取号:F126.1/143] 在馆    
5 0586970   205869700   第一借阅区/ [索取号:F126.1/143] 在馆    
唐山师范学院图书馆 欢迎您!
大连网信软件有限公司© 版权所有